Diccionario de términos filológicos.

Zapisane w:
Opis bibliograficzny
1. autor: Lázaro Carreter, Fernando (autor)
Format: Książka
Język:hiszpański
Wydane: Madrid, España: Gredos, 1968.
Wydanie:Tercera edición corregida.
Seria:Biblioteca Románica Hispánica. Manuales, 6.
Hasła przedmiotowe:
Etykiety: Dodaj etykietę
Nie ma etykietki, Dołącz pierwszą etykiete!

MARC

LEADER 00000nam a2200000 a 4500
001 UCU1777
003 CL-VaPUC
005 20220822114327.0
008 960412e19680000SP |||||||||||||||||spa|d
999 |c 246290  |d 246288 
040 |c Pontificia Universidad Católica de Valparaíso 
082 0 4 |a 410.3 LAZ 1968   |2 21 
100 |a Lázaro Carreter, Fernando  |e autor  |9 544517 
245 1 0 |a Diccionario de términos filológicos.  
250 |a Tercera edición corregida. 
260 |a Madrid, España:   |b Gredos,  |c 1968. 
300 |a 443 páginas.  
490 0 |a Biblioteca Románica Hispánica. Manuales, 6. 
500 |a c.2 Donación Familia Prof. Alejandro Guzmán Brito. 
583 |a last modification  |c 19960412 00:00:00  |k Rodrigo Vera 
650 0 |a Filología   |9 321245 
650 0 |a Diccionarios  |9 256200 
942 |c BK  |2 ddc  |n 0 
945 |d 19960412 00:00:00  |a rleighto 
952 |0 0  |1 0  |4 0  |6 410_300000000000000_LAZ_1968  |7 0  |8 X  |9 261127  |a BIBEDU  |b BIBEDU  |d 2019-11-19  |i 3171531  |o 410.3 LAZ 1968  |p 3171531  |r 2023-01-13  |w 2019-11-19  |y BK_X  |k LIT 
952 |0 0  |1 0  |2 ddc  |4 0  |6 410_300000000000000_LAZ_1968  |7 1  |8 C_AGB  |9 581209  |a BIBDER  |b BIBDER  |d 2022-02-08  |e Donación   |i 5645565  |o 410.3 LAZ 1968  |p 5645565  |r 2023-01-25  |t 2  |w 2022-02-08  |y BK_US  |k AGB